Statistics for Animals that Start with N

Click here to take the quiz!

General Stats

  • This quiz has been taken 118 times
  • The average score is 3 of 5

Answer Stats

HintAnswer% Correct
Aquatic amphibian with four legsNewt
89%
A unicorn whale that lives in the Arctic watersNarwhal
87%
A burrowing, naked rodent that lives in East AfricaNaked Mole Rat
53%
A small birdNightingale
21%
WalpurtiNumbat
12%

Score Distribution

Percentile by Number Answered

Percent of People with Each Score

Your Score History

You have not taken this quiz